Statystyki dla Rzeczpospolita Obojga Narodów

Kliknij tutaj aby rozwiązać quiz!

Ogólne statystyki

  • Ten quiz został rozwiązany 418 razy
    (402 od ostatniego zresetowania)
  • Średni wynik to 9 z 15

Statystyki odpowiedzi

ZagadnienieOdpowiedź% Poprawnych
Jaki kraj kojarzy Ci się z hasłem:,, Potop''Królestwo Szwecji
96%
Przed kim Husaria Sobieskiego uratowała Europe?Imperium Osmańskim
86%
Jak miał na nazwisko:Bohdan-Hetman zaporoski, przywódca powstania kozackiego na RzeczpospolitąChmielnicki
83%
Jaka Konstytucja została ustanowiona przez Aleksandra Jagiellończyka?Konstytucja,,Nihil Novi''
76%
Ile około km2 miała największa powierzchnia Rzeczpospolitej Obojga NarodówOkoło 1 000 000km2
74%
Kiedy powstała Rzeczpospolita Obojga Narodów?1569
70%
Kiedy był I rozbiór Polski?1772
70%
Uzupełnij zdanie. Jak......... do Poznania.Czarniecki
70%
Jak potocznie nazywano Husarie Sobieskiego?Odsiecz wiedeńska
51%
Jaki król panuje w Rzeczpospolitej w 1650 roku?Jan II Kazimierz
49%
Jak nazywano hełmy Husarzy?Szyszaki
49%
Jaki król zasiadł na tronie Polski po Janie KazimierzuMichał Korybut Wiśniowiecki
45%
Jaki książe był ojcem Michała Korybuta Wiśniowieckiego?Książe Jeremi Wiśniowiecki
38%
Jak nazywały się popularne jednostki strzeleckie w Rzeczpospolitej O. N.Dragoni
36%
Przez około ile lat Husaria nie przegrała żadnej bitwy?125 lat
34%

Rozkład punktacji

Percentyl według liczby udzielonych odpowiedzi

Procent ludzi z każdym wynikiem

Twoja historia wyników

Nie rozwiązałeś tego quizu od ostatniego zresetowania